[Event "Oslo Chess International 2014"]
[Site "Oslo"]
[Date "2014.09.28"]
[Round "1"]
[White "Kovachev, Daniel Jakobsen"]
[Black "Berntsen-Øybø, August"]
[Result "1-0"]
[WhiteElo "2289"]
[BlackElo "1676"]
[PlyCount "81"]
[EventDate "2014.??.??"]

1. e4 c5 2. Nf3 Nc6 3. Bb5 d6 4. Bxc6+ bxc6 5. O-O g6 6. e5 dxe5 7. Nxe5 Bg7 8.
Re1 Qc7 9. Qe2 Be6 10. Na3 Nf6 11. Nac4 O-O 12. b3 Nd7 13. Bb2 Rad8 14. Rad1
Nb6 15. Ba3 Rd5 16. g3 Nxc4 17. Nxc4 Qd7 18. Bb2 Bxb2 19. Nxb2 Rd8 20. d3 Rh5
21. Nc4 Bd5 22. f3 Be6 23. Ne3 Qd4 24. Qf2 Rd7 25. Rd2 Bd5 26. Rde2 Kf8 27. f4
f5 28. Nf1 Qxf2+ 29. Kxf2 g5 30. fxg5 Rxg5 31. Re5 Bf7 32. Rxc5 Rc7 33. h4 Rh5
34. Ree5 e6 35. Ne3 Ke7 36. g4 Rxh4 37. Nxf5+ Kd7 38. Nxh4 Kd6 39. Nf3 h6 40.
Nd2 Rc8 41. Ne4+
1-0

[Event "Oslo Chess International 2014"]
[Site "Oslo"]
[Date "2014.09.28"]
[Round "1"]
[White "Edakina, Maria"]
[Black "Kvisla, Johannes Luangtep"]
[Result "0-1"]
[WhiteElo "1675"]
[BlackElo "2096"]
[PlyCount "112"]
[EventDate "2014.??.??"]

1. e4 Nf6 2. e5 Ng8 3. d4 d6 4. f4 dxe5 5. fxe5 Bf5 6. Nf3 e6 7. c4 Bb4+ 8. Nc3
c6 9. Bd3 Bg4 10. Be2 Ne7 11. Be3 Nf5 12. Bf2 Qa5 13. Qb3 Nd7 14. O-O c5 15. a3
Bxc3 16. bxc3 Qc7 17. h3 Bxf3 18. Bxf3 Rb8 19. Rfe1 O-O 20. Be4 Ne7 21. Qc2 Ng6
22. Qe2 Rfc8 23. Bd3 Nf4 24. Qe4 Nxd3 25. Qxd3 cxd4 26. Qxd4 b6 27. a4 Nf8 28.
a5 Qxc4 29. axb6 axb6 30. Qxc4 Rxc4 31. Bd4 Rb7 32. Reb1 b5 33. Rb4 Rxb4 34.
cxb4 g5 35. Bc5 Kg7 36. Ra8 Nd7 37. Bd6 Nb6 38. Ra1 Nc4 39. Kf2 Rd7 40. Rd1 Kg6
41. Ke2 Kf5 42. Rd4 Nxd6 43. Rxd6 Rb7 44. Rc6 Kxe5 45. Rc5+ Kf6 46. Kf3 h6 47.
Ke4 Ke7 48. g4 Kd6 49. Kd4 f6 50. Rc8 Rc7 51. Rd8+ Ke7 52. Rh8 Rc4+ 53. Kd3
Rxb4 54. Rxh6 Rf4 55. Rh7+ Kd6 56. Ke3 Ke5
0-1

[Event "Oslo Chess International 2014"]
[Site "Oslo"]
[Date "2014.09.28"]
[Round "1"]
[White "Svensen, Tarjei Joten"]
[Black "Røneid, Heidi"]
[Result "1-0"]
[WhiteElo "2082"]
[BlackElo "1675"]
[PlyCount "47"]
[EventDate "2014.??.??"]

1. d4 Nf6 2. Bg5 e6 3. e4 Be7 4. Nc3 h6 5. Be3 Bb4 6. Bd3 b6 7. a3 Bxc3+ 8.
bxc3 Bb7 9. f3 O-O 10. Ne2 Nc6 11. Ng3 e5 12. O-O d5 13. Nf5 Re8 14. Qe1 dxe4
15. fxe4 Ne7 16. Nxg7 Kxg7 17. Rxf6 Kxf6 18. Qh4+ Ke6 19. Qh3+ Kd6 20. dxe5+
Kc6 21. Qxh6+ Ng6 22. Bc4 Qe7 23. a4 Rh8 24. Bb5#
1-0

[Event "Oslo Chess International 2014"]
[Site "Oslo"]
[Date "2014.09.28"]
[Round "1"]
[White "Nilsen, Tobias Lang"]
[Black "Reppen, Sigmund"]
[Result "1/2-1/2"]
[WhiteElo "1652"]
[BlackElo "2069"]
[PlyCount "120"]
[EventDate "2014.??.??"]

1. e4 e5 2. Nf3 Nc6 3. Bb5 a6 4. Ba4 Nf6 5. O-O Be7 6. Re1 b5 7. Bb3 d6 8. h3
O-O 9. c3 Na5 10. Bc2 c5 11. d4 Qc7 12. Nbd2 cxd4 13. cxd4 Nc6 14. d5 Nb4 15.
Bb1 a5 16. Nf1 Bd7 17. a3 Na6 18. Be3 Nc5 19. Bxc5 Qxc5 20. Bd3 Rfc8 21. Rc1
Qb6 22. Qd2 Nh5 23. Qe3 Bd8 24. Qxb6 Bxb6 25. Ne3 Nf4 26. Bf1 g6 27. Kh2 Bxe3
28. fxe3 Nh5 29. g4 Nf6 30. Bd3 h6 31. Nd2 Kf8 32. Nb3 a4 33. Na1 Ke7 34. Nc2
Rc7 35. Nb4 Rac8 36. Rxc7 Rxc7 37. Re2 g5 38. Rc2 Rxc2+ 39. Nxc2 Kd8 40. Kg3
Kc7 41. Ne1 Kb6 42. Nc2 Ne8 43. Kf2 Ka5 44. Ke2 Nf6 45. Kf3 Ne8 46. Ke2 Nc7 47.
Nb4 f6 48. Kd2 Kb6 49. Kc3 Be8 50. Be2 Kc5 51. Nd3+ Kb6 52. Nb4 Ka5 53. Bf3 Bd7
54. Be2 Kb6 55. Bd1 Ne8 56. Be2 Ng7 57. Bd1 Be8 58. Be2 Bd7 59. Bd1 Be8 60. Be2
Bd7
1/2-1/2

[Event "Oslo Chess International 2014"]
[Site "Oslo"]
[Date "2014.09.28"]
[Round "1"]
[White "Jacobsen, Fredrik Beer"]
[Black "Hem, Even Elias Yuan"]
[Result "1-0"]
[WhiteElo "2046"]
[BlackElo "1648"]
[PlyCount "79"]
[EventDate "2014.??.??"]

1. e4 c5 2. Nc3 Nc6 3. g3 e6 4. Bg2 Nge7 5. Nge2 g6 6. d3 Bg7 7. O-O O-O 8. Be3
d6 9. Qd2 Re8 10. Bh6 d5 11. Bxg7 Kxg7 12. exd5 Nxd5 13. Nxd5 exd5 14. d4 c4
15. Nf4 Be6 16. Rfe1 Qd7 17. Re2 Rad8 18. Rae1 Kf8 19. c3 b5 20. Nxd5 Bxd5 21.
Qh6+ Kg8 22. Rxe8+ Rxe8 23. Rxe8+ Qxe8 24. Bxd5 Qd7 25. Bxc6 Qxc6 26. Qe3 Qd5
27. f3 f5 28. Kf2 Kf7 29. Qh6 Kg8 30. Qf4 Qd7 31. Qe5 Kf7 32. Ke3 a5 33. h4 h6
34. Qh8 Qe7+ 35. Kf2 h5 36. Qh7+ Kf6 37. Qxe7+ Kxe7 38. Ke3 Ke6 39. Kf4 b4 40.
a4
1-0

[Event "Oslo Chess International 2014"]
[Site "Oslo"]
[Date "2014.09.28"]
[Round "1"]
[White "Hauan, Tore Martin Madsø"]
[Black "Smeby, Ole"]
[Result "0-1"]
[WhiteElo "1647"]
[BlackElo "2042"]
[PlyCount "62"]
[EventDate "2014.??.??"]

1. d4 d5 2. c4 e5 3. dxe5 d4 4. Nf3 Nc6 5. e3 Bb4+ 6. Bd2 dxe3 7. fxe3 Bg4 8.
Be2 Bxf3 9. Bxf3 Qh4+ 10. g3 Qxc4 11. Bxc6+ Qxc6 12. O-O Bxd2 13. Qxd2 Nh6 14.
Nc3 Rd8 15. Qf2 O-O 16. e4 Ng4 17. Qf4 Qc5+ 18. Kh1 Nxe5 19. Nd5 Ng6 20. Qg5
Qd4 21. Nc3 h6 22. Qa5 Qb6 23. Qxb6 axb6 24. Rad1 Ne5 25. Nd5 Rd7 26. Rc1 c6
27. Nxb6 Rd2 28. Nc4 Nxc4 29. Rxc4 Rxb2 30. Ra1 Rd8 31. a4 Rdd2
0-1

[Event "Oslo Chess International 2014"]
[Site "Oslo"]
[Date "2014.09.28"]
[Round "1"]
[White "Østby, Martin Bergsjø"]
[Black "Risting, Eivind Olav"]
[Result "1-0"]
[WhiteElo "1897"]
[BlackElo "2032"]
[PlyCount "87"]
[EventDate "2014.??.??"]

1. e4 c5 2. Nf3 Nc6 3. d4 cxd4 4. Nxd4 Nf6 5. Nc3 e5 6. Ndb5 d6 7. Bg5 a6 8.
Na3 b5 9. Nd5 Be7 10. Bxf6 Bxf6 11. c4 b4 12. Nc2 a5 13. Be2 O-O 14. O-O Bg5
15. Bg4 Be6 16. Nce3 Nd4 17. f4 exf4 18. Nxf4 Qb6 19. Kh1 Rac8 20. b3 Bxg4 21.
Qxg4 Bxf4 22. Rxf4 Ne6 23. Rf3 g6 24. Nd5 Qd8 25. Nf6+ Kg7 26. Raf1 Rc5 27. Rh3
h6 28. Nh5+ Kh7 29. Nf6+ Kg7 30. Qh4 Rh8 31. Qf2 Ng5 32. Rd3 Qe7 33. h4 Nh7 34.
Rxd6 Rf5 35. exf5 Qxd6 36. Nxh7 Kxh7 37. fxg6+ Qxg6 38. Qxf7+ Qxf7 39. Rxf7+
Kg6 40. Ra7 Kh5 41. g3 Rd8 42. Kg2 Rd2+ 43. Kh3 Rxa2 44. Rg7
1-0

[Event "Oslo Chess International 2014"]
[Site "Oslo"]
[Date "2014.09.28"]
[Round "1"]
[White "Tryggestad, Andreas G"]
[Black "Myhre, Mads Wollan"]
[Result "1-0"]
[WhiteElo "2019"]
[BlackElo "1646"]
[PlyCount "91"]
[EventDate "2014.??.??"]

1. e4 e5 2. Nf3 Nc6 3. Bb5 Nf6 4. Nc3 d6 5. d4 exd4 6. Nxd4 Bd7 7. O-O a6 8.
Be2 Be7 9. Bf4 O-O 10. Re1 Re8 11. Qd2 Bf8 12. Nxc6 Bxc6 13. Bf3 Nd7 14. Nd5
Ne5 15. Qc3 Nxf3+ 16. Qxf3 b5 17. Qc3 Bxd5 18. exd5 Qd7 19. Rxe8 Rxe8 20. Be3
Re5 21. Qd3 g6 22. a4 Bg7 23. axb5 Qxb5 24. Qxb5 axb5 25. Ra8+ Bf8 26. h4 Rh5
27. Bg5 f5 28. Be7 Kf7 29. Bxf8 Rxh4 30. g3 Rd4 31. Bh6 Rxd5 32. Rh8 Rc5 33. c3
c6 34. Rxh7+ Kf6 35. Bg7+ Kg5 36. Rh4 f4 37. Rxf4 Rf5 38. Rxf5+ Kxf5 39. Bf8 d5
40. b4 Ke4 41. Kg2 g5 42. f3+ Kd3 43. Bg7 Ke3 44. Bf6 Kd3 45. g4 Kd2 46. Kg3
1-0

[Event "Oslo Chess International 2014"]
[Site "Oslo"]
[Date "2014.09.28"]
[Round "1"]
[White "Carstensen, Øyvind"]
[Black "Pettersson, Ola"]
[Result "0-1"]
[WhiteElo "1633"]
[BlackElo "1997"]
[PlyCount "68"]
[EventDate "2014.??.??"]

1. d4 Nf6 2. Nd2 c5 3. e3 cxd4 4. exd4 e6 5. Ngf3 Nc6 6. a3 d5 7. b4 Bd6 8. Bb2
O-O 9. c4 dxc4 10. Nxc4 Nd5 11. Be2 Nf4 12. Nxd6 Qxd6 13. O-O Rd8 14. Bc4 b6
15. Re1 Bb7 16. Bf1 Ne7 17. Ne5 Qd5 18. f3 b5 19. Re4 Nfg6 20. Qd3 Rac8 21. Rc1
Qa2 22. Rxc8 Rxc8 23. Re2 Nf4 24. Qd2 Nxe2+ 25. Bxe2 Qb1+ 26. Bd1 Nd5 27. Kf2
f6 28. Nd3 Nb6 29. Bb3 Bd5 30. Bxd5 Rc2 31. Bxe6+ Kf8 32. Ke3 Rxd2 33. Kxd2
Nc4+ 34. Kc3 Nxb2
0-1

[Event "Oslo Chess International 2014"]
[Site "Oslo"]
[Date "2014.09.28"]
[Round "1"]
[White "Egeland, Finn"]
[Black "Aure, Anders Nilsson"]
[Result "1/2-1/2"]
[WhiteElo "1995"]
[BlackElo "1628"]
[PlyCount "64"]
[EventDate "2014.??.??"]

1. e4 c5 2. Nf3 d6 3. d4 cxd4 4. Nxd4 Nf6 5. Nc3 g6 6. Be2 Bg7 7. O-O O-O 8.
Be3 Nc6 9. Nb3 Bd7 10. f4 a6 11. Bf3 Na5 12. e5 Ne8 13. Nxa5 Qxa5 14. Nd5 Qd8
15. Bb6 Qb8 16. Nxe7+ Kh8 17. Re1 Be6 18. Qe2 dxe5 19. fxe5 Nc7 20. Rad1 Re8
21. Nd5 Bxd5 22. Bxd5 Rxe5 23. Qxe5 Bxe5 24. Rxe5 Nxd5 25. Rexd5 Qf4 26. g3 Qf3
27. R1d3 Qe2 28. Bd4+ Kg8 29. Bf6 Qe1+ 30. Kg2 Qe2+ 31. Kg1 Qe1+ 32. Kg2 Qe2+
1/2-1/2

[Event "Oslo Chess International 2014"]
[Site "Oslo"]
[Date "2014.09.28"]
[Round "1"]
[White "Keadana, Amir"]
[Black "Johansen, Kai-Roger"]
[Result "0-1"]
[WhiteElo "1628"]
[BlackElo "1995"]
[PlyCount "56"]
[EventDate "2014.??.??"]

1. e4 c5 2. b3 Nc6 3. Bb2 d5 4. exd5 Qxd5 5. Nc3 Qd7 6. Bc4 Nf6 7. Nf3 e6 8.
Qe2 Be7 9. Ne4 O-O 10. Nxf6+ Bxf6 11. Bxf6 gxf6 12. c3 a6 13. h4 Rd8 14. a4 Na5
15. Rh3 Qe7 16. Qe3 Nxc4 17. Qh6 Kh8 18. Ng5 fxg5 19. hxg5 f6 20. gxf6 Qf7 21.
O-O-O e5 22. Rh5 Bg4 23. bxc4 Bxh5 24. Rh1 Bg6 25. g3 Qxf6 26. f4 exf4 27. gxf4
Qf5 28. Qh2 Qb1#
0-1

[Event "Oslo Chess International 2014"]
[Site "Oslo"]
[Date "2014.09.28"]
[Round "1"]
[White "Moseng, Geir"]
[Black "Heier, Odin Nikolai"]
[Result "1-0"]
[WhiteElo "1983"]
[BlackElo "1626"]
[PlyCount "113"]
[EventDate "2014.??.??"]

1. d4 d5 2. c4 e6 3. Nf3 Nf6 4. g3 Be7 5. Bg2 O-O 6. Qc2 b6 7. O-O Bb7 8. cxd5
exd5 9. Nc3 Nbd7 10. Bf4 Rc8 11. Nb5 a6 12. Na7 Ra8 13. Nc6 Bxc6 14. Qxc6 Ra7
15. Rac1 Nb8 16. Qc2 Bd6 17. Ne5 Re8 18. Qb3 Bxe5 19. Bxe5 Ne4 20. Rc2 a5 21.
Rfc1 Na6 22. f3 Nd6 23. Bxd6 Qxd6 24. a3 c5 25. dxc5 Nxc5 26. Qb5 Rae7 27. b4
axb4 28. axb4 Nb3 29. Rd1 Qe6 30. Qxd5 Qe3+ 31. Kf1 Re5 32. Qc4 b5 33. Qd3 Qxd3
34. Rxd3 Nc1 35. Rxc1 Rxe2 36. Rcd1 Rb2 37. Rd8 Kf8 38. Rxe8+ Kxe8 39. Rd4 Ke7
40. h4 Ke6 41. f4 h6 42. Bc6 f6 43. Bxb5 g5 44. fxg5 fxg5 45. hxg5 hxg5 46.
Bd7+ Ke5 47. Rg4 Kf6 48. b5 Kg6 49. Re4 Kf7 50. Re2 Rb1+ 51. Kf2 Rd1 52. Be8+
Kf8 53. Kf3 Rd4 54. Bc6 g4+ 55. Kf2 Rb4 56. Re4 Rb3 57. Rxg4
1-0

[Event "Oslo Chess International 2014"]
[Site "Oslo"]
[Date "2014.09.28"]
[Round "1"]
[White "Kløfsrud, August Kristiansen"]
[Black "Wahlstedt, Mats"]
[Result "0-1"]
[WhiteElo "1606"]
[BlackElo "1980"]
[PlyCount "124"]
[EventDate "2014.??.??"]

1. d4 Nf6 2. c4 g6 3. Nc3 Bg7 4. e4 d6 5. Be2 O-O 6. Nf3 Nbd7 7. O-O e5 8. d5
Nc5 9. Qc2 a5 10. Be3 Ne8 11. a3 f5 12. b4 Nxe4 13. Nxe4 fxe4 14. Qxe4 Bf5 15.
Qh4 Qxh4 16. Nxh4 e4 17. Rab1 axb4 18. axb4 Bd7 19. g3 Bf6 20. Ng2 Ng7 21. Bd1
Ba4 22. Bh6 Rfe8 23. Bxg7 Bxg7 24. Bxa4 Rxa4 25. Nf4 Bc3 26. Rb3 Bd2 27. Ne6 c6
28. Rd1 Bxb4 29. Rdb1 c5 30. Re3 Rb8 31. Rxe4 b5 32. cxb5 Rxb5 33. Rf4 Rb8 34.
Rb3 Ra3 35. Rb2 Ra7 36. Rb3 Rf7 37. Rbf3 Rxf4 38. Rxf4 Bc3 39. h4 Be5 40. Re4
Rb1+ 41. Kg2 Rd1 42. Ng5 Rxd5 43. f4 Rd2+ 44. Kh3 Bf6 45. Nf3 Rd1 46. g4 d5 47.
Re2 c4 48. g5 Bg7 49. h5 Kf7 50. h6 Bh8 51. Rh2 Ra1 52. Re2 Ra7 53. Ne5+ Bxe5
54. Rxe5 Rd7 55. Kg2 c3 56. Kf2 d4 57. Re2 d3 58. Ra2 c2 59. Ra1 d2 60. Ke3
d1=Q 61. Rxd1 cxd1=Q 62. Ke4 Re7#
0-1

[Event "Oslo Chess International 2014"]
[Site "Oslo"]
[Date "2014.09.28"]
[Round "1"]
[White "Fredriksen, Jan Gunnar"]
[Black "Wærstad, Leif E"]
[Result "1-0"]
[WhiteElo "1977"]
[BlackElo "1605"]
[PlyCount "67"]
[EventDate "2014.??.??"]

1. e4 c5 2. Nf3 Nc6 3. d4 cxd4 4. c3 dxc3 5. Nxc3 d6 6. Bc4 e6 7. O-O Be7 8.
Bf4 Nf6 9. Qe2 O-O 10. Rfd1 Nh5 11. Be3 a6 12. a4 Qc7 13. Ne1 Nf6 14. h3 Rd8
15. f4 Bf8 16. Qf2 Qe7 17. Bb3 Bd7 18. Bb6 Rdc8 19. g4 g6 20. Rd2 Qe8 21. Rad1
Nb4 22. Qd4 d5 23. e5 Nc6 24. Qf2 Nxg4 25. hxg4 Ne7 26. Ne4 dxe4 27. Rxd7 Nd5
28. R7xd5 exd5 29. Rxd5 Qc6 30. a5 Bb4 31. Nc2 Be7 32. Qd4 Kg7 33. Qxe4 Bh4 34.
Qd3
1-0

[Event "Oslo Chess International 2014"]
[Site "Oslo"]
[Date "2014.09.28"]
[Round "1"]
[White "Tveten, Per"]
[Black "Omtvedt, Per"]
[Result "1-0"]
[WhiteElo "1593"]
[BlackElo "1948"]
[PlyCount "71"]
[EventDate "2014.??.??"]

1. e4 c5 2. c4 Nc6 3. Nc3 g6 4. Nf3 Bg7 5. g3 d6 6. h3 e6 7. Bg2 Nge7 8. d3 O-O
9. O-O a6 10. Be3 Nd4 11. Qd2 Rb8 12. Bh6 Nec6 13. Bxg7 Kxg7 14. Nxd4 Nxd4 15.
Ne2 e5 16. f4 f5 17. Rae1 fxe4 18. Nxd4 cxd4 19. Rxe4 Bf5 20. Re2 Qc7 21. g4
Bd7 22. Ref2 Bc6 23. f5 Bxg2 24. Kxg2 Rf6 25. fxg6 Rxg6 26. Rf5 Re8 27. Kg3 Re7
28. h4 e4 29. dxe4 Rxe4 30. R5f4 Qe7 31. Rxe4 Qxe4 32. Rf4 Qe5 33. Qxd4 Re6 34.
Kf3 Kg6 35. Qd3+ Kh6 36. g5+
1-0

[Event "Oslo Chess International 2014"]
[Site "Oslo"]
[Date "2014.09.28"]
[Round "1"]
[White "Bø, Torgeir H"]
[Black "Enersen, Eirik S"]
[Result "1-0"]
[WhiteElo "1474"]
[BlackElo "1591"]
[PlyCount "45"]
[EventDate "2014.??.??"]

1. f4 e5 2. e4 d5 3. Nf3 exf4 4. exd5 Bg4 5. Bb5+ c6 6. dxc6 bxc6 7. Qe2+ Qe7
8. O-O Bxf3 9. Qxf3 Qc5+ 10. d4 Qxb5 11. Nc3 Qb7 12. Bxf4 Nd7 13. Rae1+ Be7 14.
Bd6 Ndf6 15. Ne4 Nxe4 16. Qxf7+ Kd7 17. Rxe4 Kxd6 18. Qxg7 c5 19. dxc5+ Kxc5
20. Qc3+ Kb6 21. Re6+ Kb5 22. Rf5+ Ka4 23. Ra5#
1-0

[Event "Oslo Chess International 2014"]
[Site "Oslo"]
[Date "2014.09.28"]
[Round "1"]
[White "Kalkman - De Koster, Franzke"]
[Black "Gustavsson, Kent"]
[Result "0-1"]
[WhiteElo "1589"]
[BlackElo "1892"]
[PlyCount "78"]
[EventDate "2014.??.??"]

1. d4 Nf6 2. c4 e6 3. Nf3 Bb4+ 4. Nbd2 O-O 5. Qc2 d5 6. a3 Bxd2+ 7. Nxd2 b6 8.
e3 Bb7 9. c5 Qe7 10. b4 a5 11. Bb2 axb4 12. axb4 Rxa1+ 13. Bxa1 Na6 14. Qb2 Ra8
15. Bd3 Nxb4 16. Bb1 bxc5 17. O-O c4 18. Qc3 c5 19. Bb2 Bc6 20. dxc5 Qxc5 21.
Ba3 Na2 22. Bxa2 Qxa3 23. Qxa3 Rxa3 24. Ra1 Bb5 25. Nb1 Rd3 26. Kf1 Kf8 27. Ke1
Ke7 28. Nd2 Kd6 29. Bb1 Rc3 30. Kd1 Ng4 31. Bxh7 Nxf2+ 32. Ke2 Ng4 33. Nf1 Rb3
34. Kf3 Ne5+ 35. Kf4 Nd3+ 36. Bxd3 Rxd3 37. Ra7 c3 38. Ng3 Rd2 39. Kf3 c2
0-1

[Event "Oslo Chess International 2014"]
[Site "Oslo"]
[Date "2014.09.28"]
[Round "1"]
[White "Lindblom, Roar"]
[Black "Lie, Terje"]
[Result "1/2-1/2"]
[WhiteElo "1858"]
[BlackElo "1575"]
[PlyCount "148"]
[EventDate "2014.??.??"]

1. d4 Nf6 2. c4 e6 3. Nf3 Bb4+ 4. Nbd2 Ne4 5. a3 Nxd2 6. Nxd2 Be7 7. e3 O-O 8.
Bd3 d5 9. b3 c5 10. Bb2 cxd4 11. Bxd4 Nc6 12. Bc3 Bf6 13. Bxf6 Qxf6 14. cxd5
exd5 15. O-O Be6 16. Nf3 Rfd8 17. b4 a6 18. Qb1 g6 19. a4 Ne5 20. Nd4 Rac8 21.
Be2 Nc4 22. Rd1 Rc7 23. Qb3 Rdc8 24. Bf3 Rd8 25. Rac1 Rcd7 26. Be2 Rc8 27. Qa2
Qe7 28. Qb1 Rdc7 29. h3 Nb6 30. Rxc7 Rxc7 31. Qb3 Qd7 32. b5 Nc4 33. bxa6 bxa6
34. Nxe6 Qxe6 35. Bg4 Qb6 36. Qxb6 Nxb6 37. a5 Na4 38. Rxd5 Rc5 39. Rxc5 Nxc5
40. Be2 g5 41. f4 f6 42. fxg5 fxg5 43. Kf2 Kg7 44. Kf3 Kg6 45. Bd1 h6 46. Bc2+
Kf6 47. Kg4 Nb7 48. Bd3 Nxa5 49. Bxa6 Nc6 50. e4 Ne5+ 51. Kh5 Kg7 52. Bc8 Nd3
53. Kg4 Kf6 54. Bf5 Ne5+ 55. Kh5 Kg7 56. h4 gxh4 57. Kxh4 Nf7 58. Kg4 Kf6 59.
Kf4 Ne5 60. Bc8 Nd3+ 61. Kg4 Ne5+ 62. Kh5 Kg7 63. g4 Nf3 64. Bf5 Ne5 65. Kh4
Kf6 66. Bc8 Kg6 67. Ba6 Nf3+ 68. Kg3 Ne5 69. Kf4 Kf6 70. Bc8 Ng6+ 71. Kg3 Kg5
72. Bf5 Ne5 73. Bc8 Nd3 74. Bf5 Ne5
1/2-1/2

[Event "Oslo Chess International 2014"]
[Site "Oslo"]
[Date "2014.09.28"]
[Round "1"]
[White "Vestby-Ellingsen, Mads"]
[Black "Govatsmark, Konstantin"]
[Result "0-1"]
[WhiteElo "1566"]
[BlackElo "1843"]
[PlyCount "94"]
[EventDate "2014.??.??"]

1. e4 c5 2. Nf3 e6 3. d4 cxd4 4. Nxd4 Nf6 5. Nc3 d6 6. Bg5 a6 7. f4 Be7 8. Be2
Qc7 9. Nb3 b5 10. a3 Bb7 11. Bf3 Nc6 12. Qd2 O-O 13. O-O-O Rfd8 14. g4 b4 15.
Nb1 bxa3 16. Nxa3 Na7 17. Bxf6 Bxf6 18. g5 Be7 19. h4 Nb5 20. Nb1 a5 21. h5
Rdc8 22. Qg2 Qb6 23. Rd3 a4 24. Na1 a3 25. b3 a2 26. Nd2 d5 27. g6 Nc3 28.
gxh7+ Kxh7 29. Rxc3 Ba3+ 30. Kd1 Rxc3 31. h6 g6 32. f5 Rg8 33. Rg1 Bb2 34. Bh5
exf5 35. exf5 Rc6 36. fxg6+ fxg6 37. Qg5 Bf6 38. Qg2 g5 39. Bg4 Rd6 40. Bf5+
Kh8 41. h7 Rf8 42. c3 d4 43. Ne4 dxc3+ 44. Kc2 Bxe4+ 45. Qxe4 Qf2+ 46. Kc1 Rd1+
47. Kxd1 Qd2#
0-1

[Event "Oslo Chess International 2014"]
[Site "Oslo"]
[Date "2014.09.28"]
[Round "1"]
[White "Sirletti, Sonia"]
[Black "Merkesvik, Amalie Isabel"]
[Result "1-0"]
[WhiteElo "1843"]
[BlackElo "1530"]
[PlyCount "53"]
[EventDate "2014.??.??"]

1. d4 g6 2. c4 Nf6 3. Nc3 Bg7 4. e4 d6 5. Nf3 O-O 6. Be2 e5 7. d5 Ne8 8. Bg5 f6
9. Bh4 g5 10. Bg3 f5 11. exf5 Bxf5 12. O-O h5 13. h4 g4 14. Ng5 Bf6 15. Qd2 Nd7
16. b4 Ng7 17. Rac1 Re8 18. f3 e4 19. Ncxe4 Bxe4 20. fxe4 Qe7 21. Bf4 Nf8 22.
Bd3 Nh7 23. Nxh7 Bd4+ 24. Be3 Bxe3+ 25. Qxe3 Kxh7 26. e5+ Kg8 27. Qh6
1-0

[Event "Oslo Chess International 2014"]
[Site "Oslo"]
[Date "2014.09.28"]
[Round "1"]
[White "Kverndal, Leif"]
[Black "Grønn, Embla Ekeland"]
[Result "1-0"]
[WhiteElo "1838"]
[BlackElo "1389"]
[PlyCount "80"]
[EventDate "2014.??.??"]

1. d4 d5 2. Nf3 Nf6 3. g3 Bf5 4. Bg2 e6 5. O-O c5 6. c4 dxc4 7. Ne5 Qc7 8. Qa4+
Nbd7 9. Nxc4 cxd4 10. Bf4 Qc8 11. Rc1 Qd8 12. Bxb7 Be4 13. Bxa8 Qxa8 14. Nd6+
Bxd6 15. Bxd6 Ng4 16. Qxa7 Qb7 17. Qxb7 Bxb7 18. Rc7 Ba6 19. Ra7 Bc8 20. Nd2 f6
21. Rc1 Kf7 22. Rcc7 Kg6 23. Rxd7 Bxd7 24. Rxd7 Ra8 25. a3 Rc8 26. Rc7 Rd8 27.
Bb4 d3 28. exd3 Rxd3 29. Rc6 e5 30. Rd6 Rxd6 31. Bxd6 Kf7 32. Nc4 Ke6 33. Bf8
g6 34. a4 Kd5 35. Ne3+ Nxe3 36. fxe3 Ke4 37. Kf2 Kd5 38. b4 Ke4 39. b5 Kd5 40.
a5 Ke6
1-0

[Event "Oslo Chess International 2014"]
[Site "Oslo"]
[Date "2014.09.28"]
[Round "1"]
[White "Landsverk, Ida"]
[Black "Svanholm, Børge W"]
[Result "0-1"]
[WhiteElo "1359"]
[BlackElo "1835"]
[PlyCount "98"]
[EventDate "2014.??.??"]

1. c4 Nf6 2. g3 g6 3. Bg2 Bg7 4. Nf3 O-O 5. O-O d6 6. Nc3 c6 7. b3 Qa5 8. Bb2
Qh5 9. d4 Bh3 10. e4 Bxg2 11. Kxg2 Qa5 12. Re1 e5 13. dxe5 dxe5 14. Qc2 Nbd7
15. a3 Rfe8 16. b4 Qc7 17. Rad1 Nf8 18. Rd2 Rad8 19. Red1 Rxd2 20. Rxd2 N6d7
21. Qb3 Ne6 22. Ne2 Ndf8 23. Qe3 b6 24. Ng5 Rd8 25. Nxe6 Nxe6 26. Ng1 Rxd2 27.
Qxd2 Kf8 28. Nf3 f6 29. h4 Kf7 30. Bc3 Bf8 31. Qb2 Bg7 32. g4 h6 33. g5 hxg5
34. hxg5 Nxg5 35. Nxg5+ fxg5 36. Bd2 Qd7 37. Bc3 Qg4+ 38. Kf1 Qxe4 39. c5 Qc4+
40. Ke1 Qe4+ 41. Kf1 Ke6 42. Qb3+ Qd5 43. Qc2 Qc4+ 44. Ke1 e4 45. Kd2 Bxc3+ 46.
Qxc3 Qxc3+ 47. Kxc3 bxc5 48. bxc5 Kd5 49. Kb4 g4
0-1

[Event "Oslo Chess International 2014"]
[Site "Oslo"]
[Date "2014.09.28"]
[Round "1"]
[White "Erikstad, Olav"]
[Black "Trana, Arne O"]
[Result "1/2-1/2"]
[WhiteElo "1832"]
[BlackElo "1358"]
[PlyCount "118"]
[EventDate "2014.??.??"]

1. e4 c5 2. c3 d5 3. e5 Nc6 4. d4 e6 5. Nf3 Qb6 6. Bd3 Bd7 7. O-O cxd4 8. cxd4
Nxd4 9. Nxd4 Qxd4 10. Nc3 a6 11. Qf3 Qxe5 12. Bf4 Qf6 13. Rfe1 Be7 14. Qg3 Qh4
15. Qxh4 Bxh4 16. Nxd5 Bd8 17. Rac1 Ne7 18. Nxe7 Bxe7 19. Be4 Bc6 20. Bxc6+
bxc6 21. Rxc6 O-O 22. Rc7 Bf6 23. b3 Rfc8 24. Rec1 Rxc7 25. Rxc7 h6 26. Kf1 g5
27. Be3 Be5 28. Rc5 Bd6 29. Rc6 Be5 30. h4 Bf6 31. hxg5 hxg5 32. Rc5 Be7 33.
Rc6 a5 34. Ke2 a4 35. bxa4 Rxa4 36. Rc8+ Kg7 37. Rc2 Kf6 38. Kd3 Ke5 39. Bc5
Bxc5 40. Rxc5+ Kd6 41. Rc2 f5 42. Kc3 e5 43. Kb3 Ra7 44. a4 e4 45. Rc4 Kd5 46.
Rb4 f4 47. Rb5+ Kd4 48. Rxg5 e3 49. fxe3+ fxe3 50. Kc2 Rc7+ 51. Kd1 Rf7 52. Ke2
Rf2+ 53. Ke1 Ra2 54. Rg8 Ra1+ 55. Ke2 Ra2+ 56. Ke1 Ra1+ 57. Ke2 Ra2+ 58. Ke1
Kd3 59. Rd8+ Ke4
1/2-1/2

[Event "Oslo Chess International 2014"]
[Site "Oslo"]
[Date "2014.09.28"]
[Round "1"]
[White "Hjelle, Øyvind"]
[Black "Ranaldi, Lucas"]
[Result "0-1"]
[WhiteElo "1357"]
[BlackElo "1831"]
[PlyCount "104"]
[EventDate "2014.??.??"]

1. e4 c5 2. Nf3 g6 3. c3 Bg7 4. Bc4 e6 5. O-O Ne7 6. d3 O-O 7. Bg5 Nbc6 8. Qd2
d5 9. exd5 exd5 10. Bb5 Qb6 11. Na3 Bg4 12. Qf4 Bxf3 13. Bxe7 Nxe7 14. Qxf3 a6
15. Qe2 Nf5 16. Bd7 Nd6 17. Rab1 Rad8 18. Bg4 Qa5 19. Qd2 d4 20. Qc1 dxc3 21.
bxc3 Bxc3 22. Rb3 Bb4 23. Qb2 Bxa3 24. Rxa3 Qb4 25. Qxb4 cxb4 26. Rb3 a5 27. a3
Nb5 28. axb4 a4 29. Rbb1 Rxd3 30. Be2 Rd5 31. Bc4 Rf5 32. Bd3 Rh5 33. f4 Nd4
34. Ra1 b5 35. Rfd1 Nb3 36. Ra2 Rd5 37. Be2 Rfd8 38. Rxd5 Rxd5 39. Bxb5 Rxb5
40. Rxa4 Nd4 41. Kf2 Kg7 42. g4 Nc6 43. Kg3 Rxb4 44. Ra6 Nd4 45. Ra2 Rb3+ 46.
Kh4 Nf3+ 47. Kh3 Ne5+ 48. Kh4 h6 49. g5 Nd3 50. gxh6+ Kxh6 51. f5 g5+ 52. Kg4
Ne5#
0-1

[Event "Oslo Chess International 2014"]
[Site "Oslo"]
[Date "2014.09.28"]
[Round "1"]
[White "Wicklund-Hansen, Rich."]
[Black "Eide, Adrian"]
[Result "1/2-1/2"]
[WhiteElo "1815"]
[BlackElo "1356"]
[PlyCount "45"]
[EventDate "2014.??.??"]

1. e4 c5 2. Nc3 d6 3. g3 Nc6 4. Bg2 Nf6 5. d3 g6 6. f4 Bg7 7. h3 O-O 8. Nf3 Nh5
9. Ne2 b5 10. a3 a5 11. g4 Nf6 12. c3 Ra6 13. Be3 a4 14. O-O Be6 15. Nd2 Na5
16. d4 Nc4 17. Nxc4 Bxc4 18. Re1 Bb3 19. Qd2 Qc7 20. Nc1 Bc4 21. dxc5 dxc5 22.
Qf2 Nd7 23. Rd1
1/2-1/2

[Event "Oslo Chess International 2014"]
[Site "Oslo"]
[Date "2014.09.28"]
[Round "1"]
[White "Sjøberg, Isak"]
[Black "Nordquelle, Daniel"]
[Result "0-1"]
[WhiteElo "1355"]
[BlackElo "1814"]
[PlyCount "130"]
[EventDate "2014.??.??"]

1. e4 e6 2. d4 d5 3. Nc3 Bb4 4. exd5 exd5 5. Bd3 Nf6 6. Nf3 O-O 7. O-O Be6 8.
Bg5 b6 9. Ne2 Bd6 10. Nf4 c5 11. c3 Bxf4 12. Bxf4 Bg4 13. h3 Bh5 14. Be2 Ne4
15. Ne5 Bxe2 16. Qxe2 f6 17. Nd3 Re8 18. Qh5 cxd4 19. cxd4 Nc6 20. f3 Nd6 21.
Qxd5+ Nf7 22. Qxd8 Raxd8 23. Rae1 Nxd4 24. Bg3 Nh6 25. Rxe8+ Rxe8 26. Re1 Rd8
27. Bf2 Nxf3+ 28. gxf3 Rxd3 29. Re8+ Kf7 30. Ra8 Rd7 31. Kg2 Nf5 32. f4 Ne7 33.
Kf3 Nc6 34. Be1 Ke6 35. Rc8 Ne7 36. Re8 Kf5 37. Bf2 Nc6 38. Rc8 Nb4 39. a3 Nd3
40. b3 Nxf2 41. Kxf2 Kxf4 42. Rc4+ Kf5 43. a4 g5 44. Ke3 h5 45. Rb4 Re7+ 46.
Kf3 Rc7 47. a5 Rc3+ 48. Kg2 bxa5 49. Rb5+ Kf4 50. Rxa5 Rxb3 51. Rxa7 g4 52.
Ra4+ Kg5 53. Ra5+ f5 54. h4+ Kxh4 55. Rxf5 Rb2+ 56. Kg1 Kg3 57. Rf1 h4 58. Rc1
h3 59. Rc3+ Kh4 60. Rc8 Rb1+ 61. Kf2 g3+ 62. Kf3 Rf1+ 63. Ke2 Rf2+ 64. Ke3 h2
65. Rh8+ Kg4
0-1